| 000 | 00789nam a2200289Ia 4500 | ||
|---|---|---|---|
| 001 | 17370 | ||
| 003 | IT-RoPAU | ||
| 008 | 130308s9999 xx 000 0 und d | ||
| 040 | _aIT-RoPAU | ||
| 040 | _cIT-RoPAU | ||
| 041 | _aITALIANO | ||
| 100 | _aBuzzonetti Renato | ||
| 100 | _gCodice Aut. SPICS: 20530 | ||
| 245 | _aCardinale (Il)-Di Otto Preminger | ||
| 245 | _bValori spirituali nel Cinema-Sacerdoti-11 Film di Grandi Registi | ||
| 250 | _a1a ed. | ||
| 260 | _aROMA | ||
| 260 | _bEnte Dello Spettacolo | ||
| 260 | _c1978 [1° Ed.:1978 - Ed.Ling.Originale:1964] | ||
| 300 | _a"3 p. (prefazione: no ; testo: 3 [pagine: 143-145])" | ||
| 650 | _aSAGGI SUL CINEMA | ||
| 650 | _eCodice materia Spics: 6811 | ||
| 942 | _cBK | ||
| 957 | _71 | ||
| 999 |
_c54977 _d54977 |
||
| 999 | _bSI | ||
| 999 | _g1 | ||